000 00529nam a22001937a 4500
999 _c7529
_d7529
003 OSt
005 20211124161444.0
008 211124b ||||| |||| 00| 0 eng d
020 _a9780073530581
040 _cDDC
082 _a332.6 STE 2011
100 _aStewart, Scott D
_915411
245 _aRunning Money:
_bProffesional Portfolio Management
260 _aNew York:
_bMcGraw-Hill;
_c2011,
300 _axvi,560p.:
_bill;
_c27cm.
504 _aIncludes index.
650 _a Portfolio Management.
_915412
942 _2ddc
_cBOOK